000 00799nam a2200265Ia 4500
008 180628s9999 xx 000 0 und d
020 _a978-971-23-7087-8
050 _aFIL LC 220.5
050 _b.S25 2014
100 _aSaluba, Dennis J.
245 0 _aFundamentals of national service training program :
245 0 _bcivic welfare training service /
245 0 _cDennis J. Saluba.
260 _aManila :
260 _bRex Bookstore,
260 _c2014
300 _a130 pages :
300 _billustrations ;
300 _c26 cm.
500 _aIncludes bibliographical references.
650 _aCommunity and school -- Philippines.
650 _aService training -- Philippines.
650 _xNational service -- Philippines.
650 _xStudent activities -- Philippines.
999 _c358125
_d358125